Statistiques concernant As Roma - Tous les joueurs de 2010 à 2023

Cliquez ici pour prendre le quiz!

Statistiques générales

  • Ce quiz a été pris 185 fois
    (130 depuis la dernière actualisation)
  • Le résultat moyen est 44 sur 182

Statistiques - réponses

SaisonsNationalitésJoueurNombre
De Matchs
Poste% Correct
2010 - 2019ItalieDaniele
De Rossi
297M
93%
2010 - 2017ItalieFrancesco
Totti
216A
93%
2015 - 2021BosnieEdin
Dzeko
260A
91%
2022 -ArgentinePaulo
Dybala
38A
85%
2015 - 2017ÉgypteMohamed
Salah
83A
84%
2021 -AngleterreTammy
Abraham
107A
82%
2019 -AngleterreChris
Smalling
143D
79%
2011 - 2016BosnieMiralem
Pjanic
185M
79%
2021 -PortugalRui
Patrício
105G
76%
2014 - 2019GrèceKonstantinos
Manolas
206D
75%
2015 - 2019
2020 -
ItalieStephan
El Shaarawy
231A
75%
2014 - 2015
2017 -
ItalieLorenzo
Pellegrini
241M
72%
2018 - 2019ItalieLuca
Pellegrini
6D
72%
2013 - 2018BelgiqueRadja
Nainggolan
203M
71%
2013 - 2016Cote
D'ivoire
Gervinho88A
69%
2016 - 2018BrésilAlisson64G
65%
2019 -ItalieLeonardo
Spinazzola
115D
65%
2019 -ItalieGianluca
Mancini
179D
63%
2019 - 2022ArménieHenrikh
Mkhitaryan
117M
62%
2011 - 2012ItalieValerio
Verre
1M
62%
2019 - 2022FranceJordan
Veretout
131M
60%
2010 - 2011
2012 - 2020
ItalieAlessandro
Florenzi
280D
59%
2013 - 2018Pays - BasKevin
Strootman
131M
57%
2018 -ItalieBryan
Cristante
228M
56%
2015 - 2017PologneWojciech
Szczesny
81G
56%
2017 - 2020TurquieCengiz
Under
88A
54%
2017 - 2020SerbieAleksandar
Kolarov
132D
53%
2014 - 2015
2016 - 2017
ArgentineLeandro
Paredes
54M
53%
2016 - 2022ArgentineFederico
Fazio
169D
51%
2016 - 2021BrésilJuan
Jesus
102D
50%
2019 - 2021EspagnePau
López
76G
50%
2017 - 2019
2020 -
Pays - BasRick
Karsdorp
129D
49%
2019 -BrésilRoger
Ibanez
149D
49%
2022 -Pays - BasGeorginio
Wijnaldum
23M
47%
2022 -TurquieZeki
Celik
34D
46%
2022 -ItalieAndrea
Belotti
46A
44%
2012 - 2013UruguayNicolás
López
7A
44%
2022 -SerbieNemanja
Matic
50M
43%
2020 - 2021EspagnePedro40A
41%
2014 - 2015Cote
D'ivoire
Seydou
Doumbia
14A
41%
2020 -PologneNicola
Zalewski
73M
40%
2018 -ItalieNicolo
Zaniolo
128M
40%
2018 - 2019FranceSetven
Nzonzi
39M
40%
2015 - 2017AllemagneAntonio
Rudiger
72D
38%
2014 - 2015ColombieVictor
Ibarbo
13A
38%
2019 - 2022GuinéeAmadou
Diawara
66M
37%
2010 - 2011FranceJérémy
Ménez
43A
37%
2015 - 2016FranceLucas
Digne
42D
37%
2018 - 2020Pays - BasJustin
Kluivert
68A
35%
2013 - 2016BrésilMaicon69D
35%
2011 - 2014BrésilMarquinho56M
35%
2015 - 2020ArgentineDiego
Perotti
138A
34%
2018 - 2021ArgentineJavier
Pastore
37M
34%
2020 -ItalieEdoardo
Bove
47M
32%
2016 - 2017PortugalMário
Rui
9D
32%
2017 - 2018FranceMaxime
Gonalons
23M
32%
2017 - 2019République
Tchèque
Patrik
Schick
58A
32%
2010 - 2011FrancePhilippe
Mexès
31D
32%
2014 - 2016MaliSeydou
Keita
59M
32%
2018 - 2019SuèdeRobin
Olsen
35G
29%
2019 - 2022EspagneCarles
Pérez
76A
28%
2014 - 2017ParaguayJuan
Iturbe
68A
28%
2013 - 2014MarocMedhi
Benatia
37D
28%
2013 - 2016ItalieMorgan
De Sanctis
84G
28%
2011 - 2012DanemarkSimon
Kjaer
24D
28%
2016 - 2018
2019 - 2021
BrésilBruno
Peres
132D
26%
2022 -EspagneDiego
Llorente
12D
26%
2010 - 2012BrésilJuan53D
26%
2012 - 2013BrésilMarquinhos30D
26%
2011 - 2013Pays - BasMaarten
Stekelenburg
55G
25%
2012 - 2014ItalieAlessio
Romagnoli
14D
24%
2020 -AlbanieMarash
Kumbulla
68D
24%
2020 -ItaliePietro
Boer
1G
24%
2020 - 2022EspagneBorja
Mayoral
56A
22%
2018 - 2021ItalieAntonio
Mirante
35G
21%
2016 - 2017FranceClément
Grenier
6M
21%
2010 - 2011MonténégroMirko
Vucinic
38A
21%
2014 - 2016AngleterreAshley
Cole
16D
19%
2011 - 2013ArgentineErik
Lamela
67A
19%
2015 - 2016FranceWilliam
Vainqueur
21M
19%
2021 -OuzbékistanEldor
Shomurodov
48A
18%
2022 -GuinééMady
Camara
21M
18%
2022 -SerbieMike
Svilar
4G
18%
2011 - 2013ItaliePablo Daniel
Osvaldo
57A
18%
2015 - 2018ItalieEmerson47D
16%
2021 -GhanaFelix
Afena - Gyan
22A
16%
2021 -UruguayMatías
Vina
44D
16%
2012 - 2014États - UnisMichael
Bradley
46M
16%
2012 - 2016GrèceVasilios
Torosidis
77D
16%
2014 - 2015FranceMapou
Yanga - Mbiwa
38D
15%
2012 - 2015ItalieMattia
Destro
68A
15%
2010 - 2013ItalieSimone
Perrotta
75M
15%
2013 - 2015SerbieAdem
Ljajic
74M/A
13%
2011 - 2012EspagneBojan
Krkic
37M/A
13%
2019 - 2022EspagneGonzalo
Villar
64M
13%
2017 - 2018FranceGregoire
Defrel
20A
13%
2010 - 2011NorvègeJohn
Arne Riise
42D
13%
2010 - 2012
2013 - 2014
ItalieMarco
Borriello
65A
13%
2021 - 2022PortugalSergio
Oliveira
22M
13%
2016 - 2017BelgiqueThomas
Vermaelen
12D
13%
2021 - 2022AngleterreAinsley
Maitland - Niles
12D/M
12%
2018 - 2019CroatieAnte
Coric
3M
12%
2016 - 2018BrésilGerson42M
12%
2012 - 2016BrésilLeandro
Castan
81D
12%
2022 -NorvègeOla
Solbakken
14A
12%
2010 - 2018RoumanieBogdan
Lobont
25G
10%
2014 - 2015ItalieDaniele
Verde
10A
10%
2019 - 2020ItalieDavide
Zappacosta
9D
10%
2020 -GambieEbrima
Darboe
11M
10%
2010 - 2011ArgentineGuillermo
Burdisso
3D
10%
2014 - 2015GrèceJose
Holebas
34D
10%
2010 - 2014ItalieNicólas
Burdisso
87D
10%
2019 - 2020CroatieNikola
Kalinic
19A
10%
2021 -ItalieChristian
Volpato
14M
9%
2010 - 2012ChiliDavid
Pizarro
38M
9%
2010 - 2014BrésilRodrigo
Taddei
81M/A
9%
2010 - 2011BrésilAdriano8A
7%
2014 - 2015ItalieDavide
Astori
30D
7%
2018 - 2022ItalieDavide
Santon
53D
7%
2012 - 2015ItalieFederico
Balzaretti
44D
7%
2011 - 2012ArgentineFernando
Gago
32M
7%
2015 - 2016EspagneIago
Falqué
27A
7%
2013 - 2014BrésilMichel
Bastos
17M
7%
2014 - 2016TurquieSalih
Ucan
10M
7%
2020 - 2022États - UnisBryan
Reynolds
8D
6%
2012 - 2014BrésilDodo35D
6%
2011 - 2012ItalieFabio
Borini
26A
6%
2021 -ItalieFilippo
Missori
1D
6%
2017 - 2018ArgentineJonathan
Silva
2D
6%
2010 - 2011BrésilJulio
Baptista
8A
6%
2013 - 2015
2017 - 2018
PologneLukasz
Skorupski
16G
6%
2019 - 2020TurquieMert
Cetin
6D
6%
2013 - 2014ItalieRafael
Toloí
5D
6%
2015 - 2016NigériaUmar
Sadiq
6A
6%
2014 - 2015ParaguayAntonio
Sanabria
2A
4%
2022 -BosnieBenjamin
Tahirovic
13M
4%
2019 - 2022BrésilDaniel
Fuzato
8G
4%
2011 - 2012ArgentineGabriel
Heinze
32D
4%
2018 - 2019EspagneIvan
Marcano
13D
4%
2020 - 2022ItalieRiccardo
Calafiori
18D
4%
2014 - 2015Pays - BasUrby
Emanuelson
2M
4%
2010 - 2011BrésilDoni20G
3%
2011 - 2012ItalieGianluca
Curci
3G
3%
2017 - 2018MexiqueHéctor
Moreno
6D
3%
2010 - 2011BrésilJulio
Sergio
23G
3%
2011 - 2012Cote
D'ivoire
Junior
Tallo
3A
3%
2015 - 2016SlovaquieNorbert
Gyomber
6D
3%
2010 - 2012ItalieStefano
Okaka Chuka
7A
3%
2010 - 2012ItalieAleandro
Rosi
41D
1%
2018 - 2019ItalieAlessio
Riccardi
1M
1%
2010 - 2012BrésilCicinho13D
1%
2011 - 2012EspagneCote31D
1%
2021 -GrèceDimitrios
Keramitsis
1D
1%
2015 - 2016ItalieEdoardo
Soleri
1A
1%
2015 - 2016BosnieErvin
Zukanovic
10D
1%
2013 - 2014ItalieFederico
Ricci
4A
1%
2011 - 2012ItalieFederico
Viviani
9M
1%
2020 - 2021ItalieFilippo
Tripi
2M
1%
2011 - 2012ItalieGiammario
Piscitella
2A
1%
2010 - 2012
2013 - 2014
ItalieGianluca
Caprari
8A
1%
2010 - 2012ItalieLeandro
Greco
40M
1%
2010 - 2012ItalieMarco
Cassetti
52D
1%
2010 - 2011ItalieMatteo
Brighi
32M
1%
2012 - 2013UruguayMauro
Goicoechea
16G
1%
2020 - 2021Cote
D'ivoire
Mory
Bamba
1A
1%
2016 - 2017SénégalMoustapha
Seck
1D
1%
2012 - 2013GrècePanagiotis
Tachtsidis
23M
1%
2017 - 2018ItalieElio
Capradossi
2D
0%
2010 - 2012BrésilFabio
Simplício
53M
0%
2012 - 2013ParaguayIvan
Piris
32D
0%
2015 - 2016ItalieLorenzo
Di Livio
1M
0%
2013 - 2014ItalieLuca
Mazzitelli
1M
0%
2015 - 2017ItalieMarco
Tumminello
2A
0%
2014 - 2015ItalieMichele
Somma
1D
0%
2017 - 2018
2019 - 2020
ItalieMirko
Antonucci
7A
0%
2014 - 2015ArgentineNicolás
Spolli
1D
0%
2010 - 2011ItaliePaolo
Castellini
11D
0%
2016 - 2017ItalieRiccardo
Marchizza
1D
0%
2010 - 2011ItalieSimone
Loria
6D
0%
2013 - 2014CroatieTin
Jedvaj
2D
0%
2020 - 2021ItalieTommaso
Milanese
3M
0%
2018 - 2019SlovénieZan
Celar
1A
0%

Distribution des résultats

Percentile par nombre de réponses

% des personnes avec chaque résultat

Votre développement - résultats

Vous n’avez pas pris ce quiz depuis la dernière actualisation